000 00527nam a2200181 a 4500
005 20240601063648.0
008 991125s1979 ea 000 0 eng u
020 _a0132367602
035 _aUPN01000018552
049 _aCG
050 4 _aLB1051
_bJ6.4
100 1 _aJohnson, David Winslow,
_d1940-
_928797
245 1 0 _aEducational psychology /
_cDavid W. Johnson.
260 _aNew Jersey [E.U.A.] :
_bPrentice-Hall Internacional,
_c1979.
300 _axiv, 592 p. :
_bil.
650 4 _aPsicopedagogía
_95085
905 _aLibro
999 _c18552
_d18552